Country Ending- I - Statistics

General Stats
  • This quiz has been taken 131 times
    103 since last reset
  • The average score is 8 of 9
Answer Stats
Continent Letter Answer % Correct
Oceania F Fiji
96%
North America H Haiti
93%
Africa M Mali
91%
Africa M Malawi
88%
Africa B Burundi
87%
Africa D Djibouti
87%
Oceania K Kiribati
85%
Africa E Eswatini
83%
Asia B Brunei
81%
No matching quizzes found
Score Distribution
Percent of People with Each Score
Percentile by Number Answered
Your Score History
You have not taken this quiz since the last reset